| 000 | 00622nam a2200229Ia 4500 | ||
|---|---|---|---|
| 005 | 20240306133025.0 | ||
| 008 | 140110s9999 xx 000 0 und d | ||
| 020 |
_a9788120309258 _cRs.275.00 |
||
| 040 | _aLoreto College | ||
| 041 | _aEnglish | ||
| 082 |
_a004.6 _bBLA |
||
| 100 | _aBlack,Uyless D. | ||
| 245 |
_aData communications and distributed networks _cUyless D.Black |
||
| 250 | _a3rd ed | ||
| 260 |
_aNew Delhi _bPrentice-Hall of India _c2008 |
||
| 300 | _axvi,426p | ||
| 504 | _aIncludes index | ||
| 650 | _aComputer networks | ||
| 651 | _aData transmission systems | ||
| 850 | _aLCLIB | ||
| 942 | _cBK | ||
| 999 |
_c37492 _d87971 |
||